LEADER 00926cam0-22003131i-450 001 990006316220403321 005 20221024104620.0 035 $a000631622 035 $aFED01000631622 035 $a(Aleph)000631622FED01 100 $a20000112d1996----km-y0itay50------ba 101 0 $aita 102 $aIT 105 $ay---n---001yy 200 1 $aAmbiente e protezione della natura$fAndrea Simoncini 210 $aPadova$cCedam$d1996 215 $aXI, 409 p.$d24 cm 225 1 $aUniversità degli Studi di Firenze. Facoltà di economia pubblicazioni dell'istituto giuridico$v13 676 $a333.7$v11$zita 700 1$aSimoncini,$bAndrea$0141824 801 0$aIT$bUNINA$gRICA$2UNIMARC 901 $aBK 912 $a990006316220403321 952 $aUNIV. 450 (13)$b32019*$fFGBC 952 $aL 249$bs.i.$fDSS 959 $aDSS 959 $aFGBC 996 $aAmbiente e protezione della natura$9509232 997 $aUNINA LEADER 01170cam a2200313 i 4500 001 991001836889707536 008 121008s2010 riua b 001 0 eng d 020 $a9780821852293 035 $ab14078582-39ule_inst 040 $aDip.to Matematica e Fisica$beng 082 00$a515.93$222 084 $aAMS 30L10 084 $aAMS 28A78 084 $aLC QA360.M285 100 1 $aMackay, John M.$0477512 245 10$aConformal dimension :$btheory and application /$cJohn M. Mackay, Jeremy T. Tyson 260 $aProvidence, R. I. :$bAmerican Mathematical Society,$cc2010 300 $axiii, 143 p. :$bill. ;$c26 cm 440 0$aUniversity lecture series,$x1047-3998 ;$v54 504 $aIncludes bibliographical references (p. 131-138) and index 650 0$aQuasiconformal mappings 650 0$aHausdorff measures 700 1 $aTyson, Jeremy T. 907 $a.b14078582$b13-11-12$c08-10-12 912 $a991001836889707536 945 $aLE013 30L MAC11 (2010)$g1$i2013000217895$lle013$op$pE41.00$q-$rl$s- $t0$u0$v0$w0$x0$y.i15457060$z12-11-12 996 $aConformal dimension$9240721 997 $aUNISALENTO 998 $ale013$b08-10-12$cm$da $e-$feng$griu$h0$i0